000 00968nam a2200289 i 4500
003 DO-SdBNP
005 20250508091153.0
007 ta
008 250508b2024 dr ||||| |||| 00| 0 spa d
020 _a9789945290998
040 _aDO-SdBNP
_bspa
_cBNPHU
_erda
041 _aspa
082 4 _axxx
_bxxx
_222
100 _aNolasco Astacio, Amantina,
_eautor
_4aut.
_985656
245 1 0 _a¿Por qué los cangrejos caminan para atrás? /
_cAmantina Nolasco Astacio ; edición, Máximo Castro
264 1 _aSanto Domingo :
_bYeraldin,
_c2024.
300 _a23 páginas ;
_c20 cm.
336 _atexto
_btxt
_2rdacontent
337 _asin mediación
_bn
_2rdamedia
338 _avolumen
_bnc
_2rdacarrier
500 _aIncluye datos biográficos del autor en la página 22
500 _aEl conjuro que hizo caminar al revés a los cangrejos
590 _aInventariado, 2025/BT
700 1 _aCastro, Máximo,
_eeditor
_4ed.
_987548
910 _aBtavárez
942 _2ddc
_cLF2
999 _c58227
_d58227